Orientaçoes da lingüística moderna
Spremljeno u:
| Glavni autor: | |
|---|---|
| Format: | Knjiga |
| Jezik: | portugalski |
| Izdano: |
Río de Janeiro
Livraria Acadêmica
1955
|
| Serija: | Biblioteca Brasileira de Filología, 7
|
| Teme: | |
| Oznake: |
Dodaj oznaku
Bez oznaka, Budi prvi tko označuje ovaj zapis!
|
MARC
| LEADER | 00000nam a2200000 a 4500 | ||
|---|---|---|---|
| 001 | UCI0289 | ||
| 003 | CL-VaPUC | ||
| 008 | 070504e19550000BL |||||||||||||||||por|d | ||
| 082 | 0 | 4 | |a 410 |b ELI |2 21 |
| 100 | |a Elia, Sílvio |e author |9 520442 | ||
| 245 | 1 | 0 | |a Orientaçoes da lingüística moderna |
| 300 | |a 239 p | ||
| 942 | |c BK | ||
| 945 | |d 20070504 00:00:00 |a jtorresc | ||
| 260 | |a Río de Janeiro |b Livraria Acadêmica |c 1955 | ||
| 650 | 0 | |a Lingüística |9 265068 | |
| 650 | 0 | |a Fonética |9 308371 | |
| 650 | 0 | |a Semántica |9 265318 | |
| 583 | |a last modification |c 20130304 04:55:31 |k Rodrigo Vera | ||
| 490 | 0 | |a Biblioteca Brasileira de Filología, 7 | |
| 999 | |c 325526 |d 325524 | ||
| 952 | |0 0 |1 0 |4 0 |6 410_000000000000000_ELI_1955 |7 0 |8 A |9 406510 |a FDOPOS |b FDOPOS |d 2019-11-22 |i 4272129 |o 410 ELI 1955 |p 4272129 |r 2025-01-22 |w 2019-11-22 |y BK |k MLA | ||